000 02454nam0a2200373 4500
001 RU\NLR\bibl\45986
005 20260407105244.0
021 _aRU
_b98-47526
_92292
035 _a(NLR Aleph) 000044844
090 _a236979
_c236979
100 _a19990906d1999 |||y0rusy50 ca
101 0 _arus
102 _aRU
105 _ay |||||||||
200 1 _aУчебное пособие для практических занятий по Общей и Особенной части уголовного права России
_f[Доктора юрид. наук, профессора Г.Н. Борзенков, В.С. Комиссаров, Б.М. Леонтьев и др.
_gПод ред. проф. Комиссарова В.С.]
_gМГУ им. М.В. Ломоносова. Юрид. фак.
205 _a2-е изд. доп. и испр.
210 _aМ.
_cПравовое просвещение
_d1999
215 _a186 с.
_d21
300 _aНа обл.: Уголовное право России (общая и особенная часть): Учеб. пособие для практ. занятий
512 1 _aУголовное право России (общая и особенная часть): Учеб. пособие для практ. занятий
606 0 _aУголовное право
_jРуководства, пособия и т.п.
_yРоссийская Федерация
_92158871
_3RU\NLR\auth\661299404
606 0 _aУголовное право
_jУчебные издания для высшей школы
_yРоссийская Федерация
_92158871
_3RU\NLR\auth\661299404
686 _aХ628.1я73
701 1 _aБорзенков
_bГ. Н.
_gГеннадий Николаевич
_4070
701 1 _4070
_8rus
_7ca
_aКомиссаров
_bВ. С.
_cд-р юрид. наук
_f1953-2017
_gВладимир Сергеевич
_3RU\NLR\AUTH\7764952
_947881
701 1 _aЛеонтьев
_bБ. М.
_4070
702 1 _4070
_8rus
_7ca
_aКомиссаров
_bВ. С.
_cд-р юрид. наук
_f1953-2017
_gВладимир Сергеевич
_3RU\NLR\AUTH\7764952
_947881
712 0 2 _4570
_aМГУ им. М. В. Ломоносова
_bЮридический факультет
_3RU\NLR\AUTH\889936564
_9367934
801 0 _aRU
_bNLR
_c19990906
_gPSBO
801 1 _aRU
_bNLR
_c19990906
852 _aNLR
_j99-3/10058
942 _cBOOK
980 _aNB